000
00232 a2200109 4500
001
66082
040
_c
Anchieta - Pituba
240
1
0
_a
Oficina de música 2009
_l
245
1
0
_a
Oficina de música 2009
650
4
_a
Música
942
_c
MX
999
_c
66082
_d
66082